Design patterns (Record no. 241013)
[ view plain ]
| 000 -LEADER | |
|---|---|
| fixed length control field | 00780nam a22002417a 4500 |
| 005 - DATE AND TIME OF LATEST TRANSACTION | |
| control field | 20260309091737.0 |
| 008 - FIXED-LENGTH DATA ELEMENTS--GENERAL INFORMATION | |
| fixed length control field | 260307b |||||||| |||| 00| 0 eng d |
| 020 ## - INTERNATIONAL STANDARD BOOK NUMBER | |
| International Standard Book Number | 9780201633610 |
| 040 ## - CATALOGING SOURCE | |
| Transcribing agency | AL |
| 041 ## - LANGUAGE CODE | |
| Language code of text/sound track or separate title | English |
| 082 ## - DEWEY DECIMAL CLASSIFICATION NUMBER | |
| Classification number | 005.12 |
| Item number | GAMD |
| 100 ## - MAIN ENTRY--PERSONAL NAME | |
| Personal name | Erich Gamma ...[et al.] |
| 100 ## - MAIN ENTRY--PERSONAL NAME | |
| 9 (RLIN) | 258210 |
| 245 ## - TITLE STATEMENT | |
| Title | Design patterns |
| Remainder of title | : elements of reusable object oriented software |
| 260 ## - PUBLICATION, DISTRIBUTION, ETC. | |
| Place of publication, distribution, etc. | Boston |
| Name of publisher, distributor, etc. | Addison-Wesley |
| Date of publication, distribution, etc. | 2007 |
| 300 ## - PHYSICAL DESCRIPTION | |
| Extent | xv,395p. |
| Other physical details | HB |
| Dimensions | 24x19cm. |
| 365 ## - TRADE PRICE | |
| Price type code | ABDI/0854/26 |
| Price amount | ₹4110.06375 |
| Currency code | ₹ |
| Unit of pricing | ₹5480.085 |
| Price note | 25% |
| Price effective from | 19-02-2026 |
| 650 ## - SUBJECT ADDED ENTRY--TOPICAL TERM | |
| Topical term or geographic name entry element | Object-oriented Programming |
| 9 (RLIN) | 258181 |
| 650 ## - SUBJECT ADDED ENTRY--TOPICAL TERM | |
| Topical term or geographic name entry element | Computer software Reusability |
| 9 (RLIN) | 258182 |
| 700 ## - ADDED ENTRY--PERSONAL NAME | |
| Personal name | Helm, Richard |
| 9 (RLIN) | 258183 |
| 700 ## - ADDED ENTRY--PERSONAL NAME | |
| Personal name | Johnson,Ralph |
| 9 (RLIN) | 258184 |
| 700 ## - ADDED ENTRY--PERSONAL NAME | |
| Personal name | Vlissides, John |
| 9 (RLIN) | 258185 |
| 942 ## - ADDED ENTRY ELEMENTS (KOHA) | |
| Source of classification or shelving scheme | Dewey Decimal Classification |
| Koha item type | Book |
| Withdrawn status | Lost status | Source of classification or shelving scheme | Damaged status | Not for loan | Collection code | Home library | Current library | Date acquired | Source of acquisition | Cost, normal purchase price | Total Checkouts | Full call number | Barcode | Date last seen | Cost, replacement price | Price effective from | Koha item type |
|---|---|---|---|---|---|---|---|---|---|---|---|---|---|---|---|---|---|
| Dewey Decimal Classification | Computer Science and Engineering (Artificial Intelligence & Machine Learning) | St Aloysius Engineering Library | St Aloysius Engineering Library | 03/06/2026 | Academic Book Distributors, Bengaluru-562159 | 4110.06 | 005.12 GAMD | SE000256 | 03/07/2026 | 5480.09 | 02/19/2026 | Book | |||||
| Dewey Decimal Classification | Computer Science and Engineering (Artificial Intelligence & Machine Learning) | St Aloysius Engineering Library | St Aloysius Engineering Library | 03/06/2026 | Academic Book Distributors, Bengaluru-562159 | 4110.06 | 005.12 GAMD | SE000257 | 03/07/2026 | 5480.09 | 02/19/2026 | Book |